| 000 | 02460agaaa2200313 4500 | ||
|---|---|---|---|
| 001 | 0585 | ||
| 003 | IT-RoPAU | ||
| 005 | 20220918181225.0 | ||
| 007 | d cvaizq | ||
| 008 | 50131s9999||||xx ||| | || ||und|| | ||
| 040 |
_aIT-RoPAU _cIT-RoPAU |
||
| 041 | _aITALIANO | ||
| 100 |
_aDiritti Giorgio _gCodice regista SPICS: 59415 _937738 |
||
| 130 |
_aUOMO CHE VERRA' (L') _937739 |
||
| 245 |
_aUOMO CHE VERRA' (L') _cProdotto da: Bachini S. Diritti G -- Sceneggiatura: Diritti Giorgio Galavotti Giovanni Pedroni Tania -- Diretto da: Diritti Giorgio _pUOMO CHE VERRA' (L') (Rif. Codice opera principale : K0585) |
||
| 250 | _aEdizione Standard | ||
| 260 |
_a(ITALIA) _bN.d. / Distribuzione: MAGAZZINO DISP _g"2009 (1° ed.: 2010 ; Ed. Lingua Orig.: 2009)" |
||
| 300 |
_aDVD _bsonoro, col. _c116 minuti |
||
| 508 | _a"Fotografia: Cimatti Roberto ; Montaggio: Diritti G. Marzoni P; Musica: Biscarini Marco; Sceneggiatura: Diritti Giorgio Galavotti Giovanni Pedroni Tania ; Scenografia: Basili Giancarlo ; " | ||
| 511 | _a"Casadio Claudio; Rohrwacher Alba; Sansa Maia; Zuccheri; Montanari Greta; Vito; Croci S" | ||
| 520 | _a"INVERNO 1943. MARTINA HA 8 ANNI E VIVE ALLE PENDICI DEL MONTE SOLE, NON LONTANO DA BOLOGNA. E' L'UNICA FIGLIA DI UNA FAMIGLIA DI CONTADINI CHE, COME TANTE, FATICA A SOPRAVVIVERE. ANNI PRIMA HA PERSO UN FRATELLINO E DA ALLORA HA SMESSO DI PARLARE. NEL DICEMBRE LA MAMMA RIMANE NUOVAMENTE INCINTA. I ME SI PASSANO, LA GUERRA SI AVVICINA E LA VITA DIVENTA SEMPRE PIU' DIFFICILE. NELLA NOTTE TRA IL 28 E IL 29 SETTEMBRE 1944 IL PICCOLO VIENE FINALMENTE ALLA LUCE. QUASI CONTEMPORANEAMENTE LE SS SCATENANO NELLA ZONA UN RASTRELLAMENTO SENZA PRECEDENTI CHE PASSERA' ALLA STORIA COME LA STRAGE DI MARZABOTTO IN CUI PERSERO LA VITA 780 CIVILI, IN MAGGIORANZA DONNE E BAMBINI. VINCITORE DEL DAVID DI DONATELLO COME MIGLIOR FILM, MIGLIOR PRODUTTORE E MIGLIOR FONICO IN PRESA DIRETTA; PREMIO COME MIGLIOR FILM AL FESTIVAL DI ROMA 2009. CONTENUTI EXTRA: BACKSTAGE; GALLERIA FOTOGRAFICA; INTERVISTA A GIORGIO DIRITTI A CURA DI BARBARA SORRENTINI. " | ||
| 538 | _aPAL, STEREO | ||
| 546 | _aITALIANO | ||
| 650 |
_aDRAMMA - GUERRA _eDVD-FILM [DVD] _xCodice MATERIA SPICS: 9947 _937740 |
||
| 700 |
_aBiscarini Marco _e(musica) _gCodice Musica SPICS: 59417 _937741 |
||
| 700 |
_aDiritti Giorgio _e(regista) _gCodice regista SPICS: 59415 _937742 |
||
| 700 |
_aDiritti Giorgio _e(soggetto) _gCodice Soggetto SPICS: 59415 _937743 |
||
| 942 |
_cDV _2ddc |
||
| 999 |
_c104802 _d104802 |
||